Normal view MARC view

Entry Personal Name

Number of records used in: 1

001 - CONTROL NUMBER

  • control field: 53227

003 - CONTROL NUMBER IDENTIFIER

  • control field: OSt

005 - DATE AND TIME OF LATEST TRANSACTION

  • control field: 20250516165659.0

008 - FIXED-LENGTH DATA ELEMENTS

  • fixed length control field: 250516|| aca||aabn | a|a d

040 ## - CATALOGING SOURCE

  • Original cataloging agency: OSt
  • Transcribing agency: OSt

100 ## - HEADING--PERSONAL NAME

  • Personal name: Pattayat, Shiba Shankar and Parida, Jajati Keshari

670 ## - SOURCE DATA FOUND

  • Source citation: Work cat.: (OSt)526381: Pattayat, Shiba Shankar and Parida, Jajati Keshari , Drivers of rural non-farm sector employment in India, 1983–2019

Powered by Koha